Podmienky tvorby a účtovania rezervného fondu
Povinnosť tvorby rezervného fondu pre spoločnosť s ručením obmedzeným a pre akciovú spoločnosť. Účtovanie rezervného fondu. Príklad - tvorba rezervného fondu. Príklad - použitie rezervného fondu.
Salvato in:
| Autore principale: | |
|---|---|
| Natura: | Capitolo di libro |
| Lingua: | slovacco |
| Soggetti: | |
| Tags: |
Nessun Tag, puoi essere il primo ad aggiungerne!!
|
MARC
| LEADER | 00000naa$a2200000$$$4500 | ||
|---|---|---|---|
| 001 | 0084739 | ||
| 005 | 20240502071947.4 | ||
| 041 | 0 | |a slo | |
| 044 | |a SK | ||
| 245 | 1 | 0 | |a Podmienky tvorby a účtovania rezervného fondu |c Martina Mateášová |
| 520 | |a Povinnosť tvorby rezervného fondu pre spoločnosť s ručením obmedzeným a pre akciovú spoločnosť. Účtovanie rezervného fondu. Príklad - tvorba rezervného fondu. Príklad - použitie rezervného fondu. | ||
| 610 | 2 | 0 | |a účtovníctvo podvojné |
| 610 | 2 | 0 | |a účtovanie |
| 610 | 2 | 0 | |a účty |
| 610 | 2 | 0 | |a fond rezervný |
| 610 | 2 | 0 | |a spoločnosti akciové |
| 610 | 2 | 0 | |a spoločnosti s r.o. |
| 100 | 1 | |a Mateášová, Martina, 1979- | |